Nákupné správanie spotrebiteľov v čase hospodárskej krízy bakalárska práca

Guardado en:
Detalles Bibliográficos
Autor principal: Kendra, Daniel
Autor Corporativo: Obchodná fakulta EU. Katedra marketingu
Otros Autores: Folvarčíková, Lucia, 1982-
Formato: Libro
Lenguaje:eslovaco
Publicado: Bratislava 2011
Etiquetas: Agregar Etiqueta
Sin Etiquetas, Sea el primero en etiquetar este registro!

MARC

LEADER 00000nbm a2200000 4500
001 0132060
005 20161109111429.4
041 0 |a slo 
044 |a SK 
245 1 0 |a Nákupné správanie spotrebiteľov v čase hospodárskej krízy  |b bakalárska práca  |c Daniel Kendra ; školiteľ: Lucia Folvarčíková 
264 1 |a Bratislava  |c 2011 
300 |a 46 s. 
100 1 |a Kendra, Daniel 
700 1 |a Folvarčíková, Lucia, 1982- 
710 2 |a Obchodná fakulta EU. Katedra marketingu